<?xml version="1.0" encoding="UTF-8"?>
<record
    xmlns:xsi="http://www.w3.org/2001/XMLSchema-instance"
    xsi:schemaLocation="http://www.loc.gov/MARC21/slim http://www.loc.gov/standards/marcxml/schema/MARC21slim.xsd"
    xmlns="http://www.loc.gov/MARC21/slim">

  <leader>01445nam a22003015a 4500</leader>
  <controlfield tag="003">OSt</controlfield>
  <controlfield tag="005">20151129175126.0</controlfield>
  <controlfield tag="008">151129s2003    ua bo  gre   f000 0 ara d</controlfield>
  <datafield tag="016" ind1=" " ind2=" ">
    <subfield code="a">2003/7529</subfield>
  </datafield>
  <datafield tag="020" ind1=" " ind2=" ">
    <subfield code="a">4775552095</subfield>
  </datafield>
  <datafield tag="040" ind1=" " ind2=" ">
    <subfield code="a">EG-ScBUE</subfield>
    <subfield code="b">ara</subfield>
    <subfield code="c">EG-ScBUE</subfield>
  </datafield>
  <datafield tag="043" ind1=" " ind2=" ">
    <subfield code="a">f-ua---</subfield>
  </datafield>
  <datafield tag="082" ind1="0" ind2="4">
    <subfield code="a">355.00962</subfield>
    <subfield code="b">&#x62C; &#x64A; &#x634;</subfield>
    <subfield code="2">22</subfield>
  </datafield>
  <datafield tag="245" ind1="0" ind2="4">
    <subfield code="a">&#x627;&#x644;&#x62C;&#x64A;&#x634; &#x627;&#x644;&#x645;&#x635;&#x631;&#x64A; :</subfield>
    <subfield code="b">&#x648;&#x633;&#x628;&#x639;&#x629; &#x622;&#x644;&#x627;&#x641; &#x639;&#x627;&#x645; &#x645;&#x646; &#x627;&#x644;&#x632;&#x645;&#x627;&#x646; /</subfield>
    <subfield code="c">&#x625;&#x639;&#x62F;&#x627;&#x62F; &#x623;&#x62D;&#x645;&#x62F; &#x639;&#x628;&#x62F; &#x627;&#x644;&#x631;&#x627;&#x632;&#x642; &#x623;&#x62D;&#x645;&#x62F; ... [&#x622;&#x644;&#x62E;.] &#x61B; &#x645;&#x631;&#x627;&#x62C;&#x639;&#x629; &#x639;&#x644;&#x64A; &#x645;&#x627;&#x647;&#x631; &#x62D;&#x62C;&#x627;&#x628;&#x60C; &#x645;&#x62D;&#x645;&#x62F; &#x639;&#x628;&#x62F; &#x627;&#x644;&#x648;&#x647;&#x627;&#x628; &#x627;&#x644;&#x62F;&#x648;&#x64A;&#x643;&#x60C; &#x62C;&#x645;&#x627;&#x644; &#x627;&#x644;&#x62D;&#x633;&#x627;&#x646;&#x64A;&#x646; &#x645;&#x62D;&#x645;&#x62F; &#x627;&#x644;&#x62D;&#x636;&#x631;&#x64A; &#x61B; &#x625;&#x634;&#x631;&#x627;&#x641; &#x639;&#x627;&#x645; &#x645;&#x62D;&#x645;&#x62F; &#x639;&#x628;&#x62F; &#x627;&#x644;&#x633;&#x644;&#x627;&#x645; &#x627;&#x644;&#x633;&#x64A;&#x62F; &#x633;&#x639;&#x64A;&#x62F;.</subfield>
  </datafield>
  <datafield tag="260" ind1=" " ind2=" ">
    <subfield code="a">[&#x627;&#x644;&#x642;&#x627;&#x647;&#x631;&#x629;] :</subfield>
    <subfield code="b">&#x648;&#x632;&#x627;&#x631;&#x629; &#x627;&#x644;&#x62F;&#x641;&#x627;&#x639;&#x60C; &#x647;&#x64A;&#x626;&#x629; &#x627;&#x644;&#x628;&#x62D;&#x648;&#x62B; &#x627;&#x644;&#x639;&#x633;&#x643;&#x631;&#x64A;&#x629;&#x60C;</subfield>
    <subfield code="c">[2003]</subfield>
  </datafield>
  <datafield tag="300" ind1=" " ind2=" ">
    <subfield code="a">275 &#x635;. :</subfield>
    <subfield code="b">&#x62E;&#x631;&#x627;&#x626;&#x637;&#x60C; &#x635;&#x648;&#x631; &#x61B;</subfield>
    <subfield code="c">36 &#x633;&#x645;.</subfield>
  </datafield>
  <datafield tag="541" ind1=" " ind2=" ">
    <subfield code="a">&#x625;&#x647;&#x62F;&#x627;&#x621; &#x645;&#x646; &#x648;&#x632;&#x627;&#x631;&#x629; &#x627;&#x644;&#x62F;&#x641;&#x627;&#x639;.</subfield>
  </datafield>
  <datafield tag="650" ind1=" " ind2=" ">
    <subfield code="2">BUEsh</subfield>
  </datafield>
  <datafield tag="651" ind1=" " ind2="0">
    <subfield code="a">&#x645;&#x635;&#x631;</subfield>
    <subfield code="x">&#x627;&#x644;&#x62C;&#x64A;&#x634;</subfield>
    <subfield code="x">&#x62A;&#x627;&#x631;&#x64A;&#x62E;</subfield>
    <subfield code="2">BUEsh</subfield>
  </datafield>
  <datafield tag="651" ind1=" " ind2="0">
    <subfield code="a">&#x645;&#x635;&#x631;</subfield>
    <subfield code="x">&#x627;&#x644;&#x62A;&#x627;&#x631;&#x64A;&#x62E; &#x627;&#x644;&#x62D;&#x631;&#x628;&#x64A;.</subfield>
    <subfield code="2">BUEsh</subfield>
  </datafield>
  <datafield tag="653" ind1=" " ind2=" ">
    <subfield code="b">GGEN</subfield>
    <subfield code="c">November2015</subfield>
  </datafield>
  <datafield tag="700" ind1="1" ind2=" ">
    <subfield code="a">&#x623;&#x62D;&#x645;&#x62F;&#x60C; &#x623;&#x62D;&#x645;&#x62F; &#x639;&#x628;&#x62F; &#x627;&#x644;&#x631;&#x627;&#x632;&#x642;. </subfield>
  </datafield>
  <datafield tag="700" ind1="1" ind2=" ">
    <subfield code="a">&#x62D;&#x62C;&#x627;&#x628;&#x60C; &#x639;&#x644;&#x64A; &#x645;&#x627;&#x647;&#x631;&#x60C; </subfield>
    <subfield code="e">&#x645;&#x631;&#x627;&#x62C;&#x639;.</subfield>
  </datafield>
  <datafield tag="700" ind1="1" ind2=" ">
    <subfield code="a">&#x627;&#x644;&#x62F;&#x648;&#x64A;&#x643;&#x60C; &#x645;&#x62D;&#x645;&#x62F; &#x639;&#x628;&#x62F; &#x627;&#x644;&#x648;&#x647;&#x627;&#x628;&#x60C; </subfield>
    <subfield code="e">&#x645;&#x631;&#x627;&#x62C;&#x639;.</subfield>
  </datafield>
  <datafield tag="700" ind1="1" ind2=" ">
    <subfield code="a">&#x627;&#x644;&#x62D;&#x636;&#x631;&#x64A;&#x60C; &#x62C;&#x645;&#x627;&#x644; &#x627;&#x644;&#x62D;&#x633;&#x627;&#x646;&#x64A;&#x646; &#x645;&#x62D;&#x645;&#x62F;&#x60C; </subfield>
    <subfield code="e">&#x645;&#x631;&#x627;&#x62C;&#x639;.</subfield>
  </datafield>
  <datafield tag="700" ind1="1" ind2=" ">
    <subfield code="a">&#x633;&#x639;&#x64A;&#x62F;&#x60C; &#x645;&#x62D;&#x645;&#x62F; &#x639;&#x628;&#x62F; &#x627;&#x644;&#x633;&#x644;&#x627;&#x645; &#x627;&#x644;&#x633;&#x64A;&#x62F;&#x60C; </subfield>
    <subfield code="e">&#x645;&#x634;&#x631;&#x641;.</subfield>
  </datafield>
  <datafield tag="942" ind1=" " ind2=" ">
    <subfield code="2">ddc</subfield>
  </datafield>
  <datafield tag="999" ind1=" " ind2=" ">
    <subfield code="c">21094</subfield>
    <subfield code="d">21066</subfield>
  </datafield>
  <datafield tag="952" ind1=" " ind2=" ">
    <subfield code="0">0</subfield>
    <subfield code="1">0</subfield>
    <subfield code="2">ddc</subfield>
    <subfield code="4">0</subfield>
    <subfield code="7">0</subfield>
    <subfield code="a">MAIN</subfield>
    <subfield code="b">MAIN</subfield>
    <subfield code="c">0TH</subfield>
    <subfield code="d">2015-11-29</subfield>
    <subfield code="e">Donation</subfield>
    <subfield code="o">355.00962 &#x62C; &#x64A; &#x634;</subfield>
    <subfield code="p">000031411</subfield>
    <subfield code="r">2025-07-15 00:00:00</subfield>
    <subfield code="x">Donation from Ministry of Defense, Military Research Authority.</subfield>
    <subfield code="y">REFERENCE</subfield>
  </datafield>
  <datafield tag="952" ind1=" " ind2=" ">
    <subfield code="0">0</subfield>
    <subfield code="1">0</subfield>
    <subfield code="2">ddc</subfield>
    <subfield code="4">0</subfield>
    <subfield code="7">0</subfield>
    <subfield code="a">MAIN</subfield>
    <subfield code="b">MAIN</subfield>
    <subfield code="c">0TH</subfield>
    <subfield code="d">2015-11-29</subfield>
    <subfield code="e">Donation</subfield>
    <subfield code="o">355.00962 &#x62C; &#x64A; &#x634;</subfield>
    <subfield code="p">000031410</subfield>
    <subfield code="r">2025-07-15 00:00:00</subfield>
    <subfield code="x">Donation from Ministry of Defense, Military Research Authority.</subfield>
    <subfield code="y">REFERENCE</subfield>
  </datafield>
  <datafield tag="952" ind1=" " ind2=" ">
    <subfield code="0">0</subfield>
    <subfield code="1">0</subfield>
    <subfield code="2">ddc</subfield>
    <subfield code="4">0</subfield>
    <subfield code="7">0</subfield>
    <subfield code="a">MAIN</subfield>
    <subfield code="b">MAIN</subfield>
    <subfield code="c">0TH</subfield>
    <subfield code="d">2015-11-29</subfield>
    <subfield code="e">Donation</subfield>
    <subfield code="o">355.00962 &#x62C; &#x64A; &#x634;</subfield>
    <subfield code="p">000031409</subfield>
    <subfield code="r">2025-07-15 00:00:00</subfield>
    <subfield code="x">Donation from Ministry of Defense, Military Research Authority.</subfield>
    <subfield code="y">REFERENCE</subfield>
  </datafield>
  <datafield tag="952" ind1=" " ind2=" ">
    <subfield code="0">0</subfield>
    <subfield code="1">0</subfield>
    <subfield code="2">ddc</subfield>
    <subfield code="4">0</subfield>
    <subfield code="7">0</subfield>
    <subfield code="a">MAIN</subfield>
    <subfield code="b">MAIN</subfield>
    <subfield code="c">0TH</subfield>
    <subfield code="d">2015-11-29</subfield>
    <subfield code="e">Donation</subfield>
    <subfield code="o">355.00962 &#x62C; &#x64A; &#x634;</subfield>
    <subfield code="p">000031408</subfield>
    <subfield code="r">2025-07-15 00:00:00</subfield>
    <subfield code="x">Donation from Ministry of Defense, Military Research Authority.</subfield>
    <subfield code="y">REFERENCE</subfield>
  </datafield>
  <datafield tag="952" ind1=" " ind2=" ">
    <subfield code="0">0</subfield>
    <subfield code="1">0</subfield>
    <subfield code="2">ddc</subfield>
    <subfield code="4">0</subfield>
    <subfield code="7">0</subfield>
    <subfield code="a">MAIN</subfield>
    <subfield code="b">MAIN</subfield>
    <subfield code="c">0TH</subfield>
    <subfield code="d">2015-11-29</subfield>
    <subfield code="e">Donation</subfield>
    <subfield code="o">355.00962 &#x62C; &#x64A; &#x634;</subfield>
    <subfield code="p">000031462</subfield>
    <subfield code="r">2025-07-15 00:00:00</subfield>
    <subfield code="x">Donation from Ministry of Defense, Military Research Authority.</subfield>
    <subfield code="y">REFERENCE</subfield>
  </datafield>
</record>
